000 00798nas a22002651i#4500
001 1121
003 ES-MaACL
005 20250217134034.0
007 t|
008 950801d18411842sp w| | 1 ||pa d
022 _a9943-9298
080 _a(460)
080 _a05
245 0 3 _aEl Conservador
_b: revista semanal de política, ciencias y literatura.
246 1 3 _aEspañol
260 _aMadrid :
_bImp. Vda. de Jordán e Hijos,
_c1841-1842.
300 _av ;
_c27 cm.
310 _aSemanal
362 0 _aNº 1 (5 sep. 1841)-nº 24 (27 feb. 1842)
500 _aEl nº 1 se publicó con el título: El Español.
650 1 4 _aRevistas de información general.
_916896
852 _x
_x
_x
_x
_aBA
_jR-2492 Olim: G-4265
866 1 _o1841-42
999 _c1121
_d1121